000 00430nam a2200133Ia 4500
008 210430s9999 xx 000 0 und d
020 _a0-8493-8247-5
082 _a620.1 S2911 F
100 _aPhilip A. Schweitzer
245 _aCorrosion of Linings and Coatings Cathodic and Inhibitor Protection and corrosion Monitoring
_cPhilip A. Schweitzer
260 _aBoca Raton
_bCRC Press
_c2007
300 _a551 p
942 _cBK
_2ddc
999 _c565021
_d565021